000
00321nam a2200109Ia 4500
008
200302s9999 xx 000 0 und d
100
_a
David Rudlin & Nicholas Falk
245
_a
Sustainable Urban Neighbourhood Building the 21st Century Home
260
_b
Architectural World Co., Ltd.
260
_c
2009
300
_a
315 P.,
999
_c
5748
_d
5748